[Event "Stay Safe Play From Home 304"]
[Site "Emanuel Lasker Arena"]
[Date "2020.07.15"]
[Round "7"]
[White "Lamborghini"]
[Black "Klasman"]
[Result "1-0"]
[WhiteElo "2101"]
[BlackElo "1305"]
[Annotator "TA"]
[PlyCount "37"]
[EventDate "2020.07.15"]
[EventType "swiss (blitz)"]

{[%evp 9,36,78,109,108,113,114,114,107,110,109,279,284,283,281,350,366,1086,1067,1061,1029,1184,943,933,912,1405,944,1387,1362,29999]} 1. e4 f5 2. exf5 Nf6 3. c4 {[#]} c6 $146 ({Predecessor:} 3... d5 4. Nf3 c5 5. Qc2 d4 6. Be2 Nc6 7. a3 Qa5 8. O-O Nb4 9. axb4 Qxa1 10. bxc5 {½-½ (17) Pauli,M-Kutzner,M Bad Marienberg 1993}) 4. d4 d5 5. cxd5 cxd5 6. Bd3 {B00: Queen's Fianchetto Defence, Nimzowitsch Defence.} Nc6 7. Nf3 e6 8. fxe6 {aiming for 0-0.White is better.} Bb4+ 9. Nc3 Qa5 $2 {[#]} (9... O-O $16) 10. O-O $18 Bxc3 11. bxc3 Qxc3 12. Rb1 Nxd4 $2 (12... O-O 13. Rb5 a6) 13. Nxd4 O-O 14. Bb2 Qc5 15. Rc1 Qb6 16. Qb3 Ne4 17. Bxe4 dxe4 18. e7+ {[%mdl 64] [#] Discovered Attack} Rf7 19. e8=Q# {Black got outplayed after the opening. Accuracy: White = 80%, Black = 30%.} 1-0

[Event "Stay Safe Play From Home 304"]
[Site "Emanuel Lasker Arena"]
[Date "2020.07.15"]
[Round "7"]
[White "Lazieri3"]
[Black "Tartak"]
[Result "1-0"]
[WhiteElo "2068"]
[BlackElo "1555"]
[Annotator "TA"]
[PlyCount "71"]
[EventDate "2020.07.15"]
[EventType "swiss (blitz)"]

{[%evp 9,71,-31,-33,-37,-34,-35,8,-48,-21,-65,0,-30,-12,-85,-7,7,11,-45,-52,-46,7,-78,0,0,0,0,0,-22,20,14,51,-93,41,-12,96,-64,547,0,0,-41,119,-7,1,0,114,0,24,0,17,6,114,-125,-41,-83,164,129,401,390,622,618,727,708,993,677]} 1. e4 e6 2. Nc3 d5 3. Nf3 d4 4. Ne2 c5 5. d3 Nc6 6. g3 {C00: French: Unusual White 2nd moves.} Nf6 7. Bg2 h5 {[#]} 8. h4 $146 (8. O-O $11) ({Predecessor:} 8. O-O Be7 9. c4 Ng4 10. h3 Nh6 11. Ne1 Bd7 12. Bd2 h4 13. g4 g5 14. f4 {1-0 (55) Maahs,E (2250)-Bach,M (2330) Hamburg 1996}) 8... Qc7 9. Bf4 Qb6 (9... e5 $15 10. Bd2 Be7) 10. b3 Ng4 11. Nd2 (11. e5 $11) 11... f6 (11... e5 $17 12. Nc4 Qc7) 12. Nc4 $11 Qd8 13. Bh3 ({White should try} 13. e5 $11) 13... e5 $15 {Hoping for ...b5.} 14. Bd2 Be7 (14... b5 $15 15. Nb2 a6) 15. f3 (15. a4 $11 {remains equal.}) 15... Nh6 ({Black should play} 15... b5 $17 16. fxg4 bxc4) 16. Bxc8 $11 Qxc8 17. Bxh6 Rxh6 18. Qd2 Nb4 19. a3 Na6 20. O-O-O (20. O-O $14 {stays ahead.}) 20... Qd7 (20... b5 $17 21. Nb2 Rb8) 21. f4 (21. a4 $14) 21... O-O-O (21... b5 $11 22. Nb2 Bd6) 22. f5 $2 (22. fxe5 $16 b5 23. exf6 Rxf6 24. Na5) 22... g6 $2 {[%mdl 8192]} (22... b5 $15 23. Nb2 Kb7) 23. fxg6 $2 (23. Qxh6 $18 gxf5 24. exf5) 23... Rxg6 24. Rhf1 Rg7 $2 (24... b5 $15 {keeps the upper hand.} 25. Nb2 Qb7) 25. Rf5 (25. Qh6 $1 $16 {[%cal Rh6g7]} Rgg8 26. Qxh5) 25... Nc7 26. Rxh5 Ne6 {[#]} (26... b5 $11 27. Na5 c4) 27. Rf1 (27. a4 $1 $16) 27... b5 28. Na5 $36 {[%mdl 2048] White is pushing.} Qc7 29. Rhf5 c4 (29... Rf8 $11 {keeps the balance.}) 30. dxc4 $2 (30. bxc4 $16 {stays on course.} a6 31. Kb1) 30... Bxa3+ (30... d3 $17 31. cxd3 Nc5) 31. Kb1 $15 {[#]} bxc4 $2 ({But not} 31... Nc5 $6 32. Rxf6 Nxe4 33. Qh6 $11) (31... d3 $1 $17 {[%cal Rd3e2] keeps the pressure on.} 32. cxd3 Nc5 33. Rxf6 Nxe4) 32. Nxc4 $18 Nc5 $2 {[%mdl 8192]} (32... Be7 $16) 33. Nxa3 d3 (33... Nxe4 $142 34. Qd3 Qb7) 34. Nc3 {White is clearly winning.} dxc2+ 35. Qxc2 Rd3 36. Nd5 {Accuracy: White = 31%, Black = 27%.} 1-0

[Event "Stay Safe Play From Home 304"]
[Site "Emanuel Lasker Arena"]
[Date "2020.07.15"]
[Round "7"]
[White "Bardellosport"]
[Black "Jhhonnyy"]
[Result "0-1"]
[WhiteElo "2028"]
[BlackElo "2329"]
[Annotator "TA"]
[PlyCount "26"]
[EventDate "2020.07.15"]
[EventType "swiss (blitz)"]

{[%evp 9,26,-11,0,-31,-8,-69,-52,-68,-58,-205,-200,-202,-206,-700,-693,-1126,-201,-1190,-1173]} 1. d4 Nf6 2. e3 g6 3. f4 Bg7 4. Nf3 O-O 5. Bd3 d6 6. Qe2 {A45: Trompowsky Attack.} c5 {[#]} 7. e4 $146 (7. dxc5 $11 dxc5 8. Nc3) ({Predecessor:} 7. c3 cxd4 8. cxd4 Nbd7 9. O-O Re8 10. f5 e5 11. fxg6 hxg6 12. dxe5 Nxe5 13. Nxe5 Rxe5 14. Nc3 Bd7 15. Qf3 Qe7 16. e4 Ng4 17. Qg3 Rh5 18. Be2 Bd4+ {0-1 (18) Vermunt,J (1830)-Mercier,L (1886) Metz 2010}) 7... cxd4 8. Nxd4 {Black is slightly better.} Re8 9. O-O {[#]} (9. Nc3 $15) 9... Qb6 $1 $19 {[%cal Rb6d4]} 10. Be3 {[#]} Ng4 $1 {[%cal Rg4e3]} ({And not} 10... Qxb2 11. Nd2 $15) 11. Nc3 $2 (11. c3 Nxe3 12. Qxe3) 11... Nxe3 12. Qxe3 {If only White now had time for Nce2....} e5 $2 (12... Bxd4 13. Qxd4 Qxd4+ 14. Kh1 Nc6) 13. Nf3 $2 (13. fxe5 Nc6 14. Nce2) 13... Qxe3+ {White did not feel at home in the position after the opening. Accuracy: White =  4%, Black = 80%.} 0-1

[Event "Stay Safe Play From Home 304"]
[Site "Emanuel Lasker Arena"]
[Date "2020.07.15"]
[Round "7"]
[White "Buzaglo"]
[Black "Scorpio New"]
[Result "0-1"]
[WhiteElo "1870"]
[BlackElo "2104"]
[Annotator "TA"]
[PlyCount "108"]
[EventDate "2020.07.15"]
[EventType "swiss (blitz)"]

{[%evp 9,108,33,30,16,36,41,72,45,45,28,101,101,102,47,60,8,60,25,39,-98,-101,-89,-89,-214,-207,-223,-219,-236,-195,-235,-155,-159,-153,-185,-189,-306,-189,-200,-195,-208,-141,-196,-183,-204,-185,-249,-246,-265,-242,-509,-504,-481,-467,-600,-575,-607,-579,-1447,-1442,-1389,-1281,-1419,-1410,-1458,-1456,-1405,-1380,-1763,-1782,-1772,-1770,-1981,-1676,-1855,-1916,-2323,-2198,-2285,-2251,-2843,-2853,-29985,-29986,-29984,-29981,-29988,-29989,-29989,-29990,-29990,-29991,-29991,-29992,-29992,-29993,-29994,-29995,-29995,-29996,-29997,-29998]} 1. d4 d6 2. Nf3 g6 3. g3 Bg7 4. Bg2 Nd7 5. O-O c6 6. c4 {A41: 1 d4 d6: Tartakower System and Modern Defence.} Qc7 7. Nc3 e5 8. d5 {[#] White is better.} Ngf6 $146 ({Predecessor:} 8... c5 9. e4 Ngf6 10. Ne1 O-O 11. Nd3 Ne8 12. f4 f6 13. f5 Nb6 14. b3 a6 {1-0 (27) Sargissian,G (2680)-Somoff,A (2023) Sharjah 2018}) 9. Nd2 c5 (9... O-O $11 {keeps the balance.}) 10. e4 $16 O-O 11. f3 (11. Nf3 $16) 11... a6 $14 12. Nb3 ({White should try} 12. a4 $14) 12... h5 ({Black should play} 12... b5 $11) 13. h4 Nh7 14. f4 (14. a4 $14) 14... exf4 $17 15. Bxf4 Ne5 16. Ne2 {This costs White the game.} (16. Nd2 $17) 16... Nxc4 $19 17. Rc1 Ne5 18. Nd2 Qe7 19. Nc4 b5 20. Nxe5 Bxe5 21. Bxe5 Qxe5 22. Nf4 (22. Qd2 {was necessary.}) 22... Bg4 23. Qc2 Rae8 24. Rce1 b4 25. a3 (25. Kh2 $17 {keeps fighting.}) 25... a5 {[%cal Ba6a5,Ba5b4][%mdl 32]} 26. axb4 axb4 27. b3 (27. Qc4 $142) 27... Nf6 28. Qc4 Nd7 29. Qb5 $2 {[#]} (29. Re3) 29... Qd4+ 30. Kh1 Ne5 31. Qb6 Rd8 {[%cal Be8d8,Bd8d7,Bd7c7][%mdl 32]} 32. Qc7 Rd7 33. Qc6 Nxc6 34. dxc6 Rc7 35. Nd5 Ra7 36. Nf6+ Kg7 37. Nd5 Be6 38. c7 Bxd5 39. exd5 Rxc7 40. Re4 Qc3 41. Ref4 Qxb3 42. R4f3 Qa4 43. Rf6 Qb5 44. R1f2 c4 45. R6f3 c3 {Black mates.} 46. Bf1 Qc5 47. Rf6 b3 48. g4 hxg4 49. h5 Qxd5+ 50. Bg2 Qxh5+ 51. Kg1 c2 52. Bf1 c1=Q 53. R6f4 {[#]} Qe3 $1 54. Rxg4 Qxg4+ {Accuracy: White = 31%, Black = 63%.} 0-1

[Event "Stay Safe Play From Home 304"]
[Site "Emanuel Lasker Arena"]
[Date "2020.07.15"]
[Round "8"]
[White "NTBT_DHS"]
[Black "Weltszmerc"]
[Result "1-0"]
[WhiteElo "2494"]
[BlackElo "2141"]
[Annotator "TA"]
[PlyCount "73"]
[EventDate "2020.07.15"]
[EventType "swiss (blitz)"]

{[%evp 9,72,19,34,33,27,23,29,-155,-4,-3,51,40,60,39,100,102,101,55,87,-68,110,104,97,72,114,114,128,126,196,213,223,213,431,395,724,728,708,711,710,693,943,903,1764,1752,1802,1786,1758,1704,2452,2324,29991,29992,29992,29993,29993,29994,29997,29998,29998,29997,29998,29998,29998,29999,29999]} 1. d4 b6 2. Nc3 Bb7 3. Bf4 Nf6 4. f3 d6 5. e4 Nbd7 6. Qd2 {A40: Unusual replies to 1 d4.} e5 {[#]} 7. Bg5 $146 ({Predecessor:} 7. dxe5 dxe5 8. Be3 a6 9. O-O-O Bd6 10. g4 Qe7 11. g5 Nh5 12. Nd5 Bxd5 13. Qxd5 {1-0 (45) Cagasik,T (2166)-Pilch,R (2120) Czech Republic 2018}) 7... h6 8. Bh4 $2 (8. Be3 $11) 8... exd4 $2 (8... Nxe4 $1 $17 9. fxe4 Qxh4+ {[%mdl 64] Double Attack} 10. g3 Qg5) 9. Qxd4 $11 g5 ({Black should play} 9... a6 $11) 10. Bg3 Bg7 11. O-O-O O-O (11... Nh5 $14 12. Qd2 Nxg3 13. hxg3 Nc5) 12. Qd2 $16 Ne5 13. h4 g4 14. f4 $2 (14. Bf4 $16) 14... Ng6 $2 (14... Ned7 $15 {keeps the upper hand.} 15. Nge2 Nc5) 15. h5 Ne7 {[#]} ({Don't go for} 15... Nxe4 $2 16. Nxe4 Ne7 17. Nc3 $18) 16. Bd3 $1 a6 17. Bh4 c5 18. Nge2 b5 {[#]} (18... Kh8 $16 {was called for.}) 19. e5 $1 $18 {[%cal Re5f6]} dxe5 20. fxe5 Nd7 $2 (20... Nfd5 {keeps fighting.} 21. Ne4 Qc7) 21. Qf4 Nxe5 $2 {[#]} (21... b4 22. Bf5 {[%mdl 64] Discovered Attack} bxc3) 22. Bh7+ $1 {[%mdl 576] Discovered Attack} Kxh7 23. Rxd8 Rfxd8 24. Bxe7 Rd7 25. Bf6 b4 26. Bxe5 Bxe5 27. Qf5+ Kg7 28. Qxd7 Bxg2 29. Qxg4+ {[%mdl 64] Double Attack} Kh7 30. Qxg2 {White mates.} bxc3 31. Qxa8 cxb2+ 32. Kb1 c4 33. Rg1 {[%csl Gg1][%cal Ra8g8]} Bg7 34. Qe4+ Kh8 35. Qe8+ Kh7 36. Qxf7 {[%csl Gg1][%cal Rf7g7][%mdl 64] Double Attack} Kh8 37. Qxg7# {Accuracy: White = 74%, Black = 27%.} 1-0

[Event "Stay Safe Play From Home 304"]
[Site "Emanuel Lasker Arena"]
[Date "2020.07.15"]
[Round "8"]
[White "Tolka"]
[Black "Jhhonnyy"]
[Result "1-0"]
[WhiteElo "2334"]
[BlackElo "2334"]
[Annotator "TA"]
[PlyCount "71"]
[EventDate "2020.07.15"]
[EventType "swiss (blitz)"]

{[%evp 9,70,38,43,36,62,44,45,29,25,5,20,0,0,-5,11,-24,-16,-40,-25,-29,-24,-52,0,0,0,7,20,18,30,16,31,3,18,-10,0,-57,-68,-67,15,15,39,-31,-37,-308,-335,-327,-116,-148,-59,-86,457,440,669,676,641,616,29995,29996,29997,29998,29998,29999,29999]} 1. e4 c5 2. Nf3 e6 3. g3 a6 4. Bg2 b5 5. O-O Bb7 6. Re1 {B40: Sicilian: 2...e6, Unusual lines.} Nc6 7. d3 d6 8. a4 {White is slightly better.} Be7 9. Nbd2 Nf6 10. Nf1 O-O {[#]} 11. h4 $146 ({Predecessor:} 11. h3 Qd7 12. g4 Rfc8 13. Ng3 Nd4 14. c3 Nxf3+ 15. Bxf3 d5 16. e5 Ne8 17. Be3 {0-1 (43) Iankowski,R (2285)-Vajda,A (2325) Bucharest 1996}) 11... Ne8 12. h5 h6 13. Be3 Rc8 14. axb5 axb5 15. Qd2 Bf6 (15... Nf6 $15) 16. c3 b4 17. N1h2 bxc3 18. bxc3 Ra8 19. Rxa8 Bxa8 20. Ng4 Na5 21. Bxh6 gxh6 22. Qxh6 (22. Nxh6+ $11 Kg7 23. Ng4) 22... Bg7 $15 23. Qf4 Nf6 ({Better is} 23... Nc6 $15 24. Ra1 Bb7) 24. h6 $36 {[%mdl 2048] Black is under pressure.} Bh8 25. Qg5+ ({White should try} 25. e5 $14 Nh7 26. Ngh2) 25... Kh7 $15 {[#] ...Rg8 is the strong threat.} 26. Qf4 $2 {[%mdl 8192]} ({White should play} 26. Ne3 $15) 26... Nxg4 $19 27. Qxg4 {Black must now prevent Ng5+.} Rg8 $2 (27... Bxc3 $19 {has better winning chances. Strongly threatening ...Rg8.} 28. Re2 Rg8) 28. Qh5 Qf6 ({Of course not} 28... Bxc3 $6 29. Rc1 $11) (28... Rg6 $17 29. d4 cxd4 30. cxd4 Nb3) 29. Ra1 Qxc3 $2 {[%mdl 8192] [#]} (29... Nc6 $17 {keeps the pressure on. Hoping for ...Qg6.} 30. e5 Qf5 31. Qxf5+ exf5) 30. Rxa5 $1 {[%mdl 512]} Qxa5 (30... Qc1+ $142 31. Bf1 Qxh6 32. Qxf7+ Bg7) 31. Qxf7+ $18 {[%mdl 64] Double Attack} Kxh6 {aiming for ...Rg6.} 32. Qxg8 Bg7 33. Qxe6+ {[%mdl 64] Double Attack. White mates.} Kh7 34. Ng5+ Kh8 35. Qe8+ Bf8 36. Qxf8# {Accuracy: White = 58%, Black = 55%.} 1-0

[Event "Stay Safe Play From Home 304"]
[Site "Emanuel Lasker Arena"]
[Date "2020.07.15"]
[Round "8"]
[White "Scorpio New"]
[Black "SoulofWolf"]
[Result "0-1"]
[WhiteElo "2111"]
[BlackElo "2116"]
[Annotator "TA"]
[PlyCount "88"]
[EventDate "2020.07.15"]
[EventType "swiss (blitz)"]

{[%evp 9,88,-50,-17,-34,-33,-31,-13,-9,-6,-27,11,10,26,-41,0,0,58,-44,-44,-56,207,212,212,25,15,14,49,12,29,-17,33,-8,35,-15,36,-9,-10,-41,0,0,27,29,54,-10,92,-16,-16,-24,-25,-32,-26,-3,-12,-33,-16,-66,256,93,211,208,219,211,284,267,259,266,495,462,1072,1043,551,107,406,365,5281,-29990,-29991,-29991,-29990,-29990,-29990]} 1. d3 e6 2. Nd2 d5 3. c3 c5 4. Qc2 Nc6 5. e4 Bd6 6. Ngf3 {A00: Irregular Openings.} Nge7 7. g3 Ng6 8. Bg2 {[#] The position is equal.} O-O $146 ({Predecessor:} 8... f5 9. exd5 exd5 10. O-O O-O 11. Qb3 Be7 12. Re1 Kh8 {1-0 (34) Habedank,D (1813)-Koeckeritz,D (1530) Berlin 2011}) 9. h4 b6 10. h5 Nge5 11. O-O ({Better is} 11. Nxe5 $11 Bxe5 12. h6) 11... Nxf3+ 12. Nxf3 d4 {[#]} (12... h6 $11) 13. c4 (13. e5 $1 $14 {[%mdl 512]} Be7 (13... Nxe5 14. Nxe5) 14. Nxd4 Nxd4 15. cxd4) 13... e5 $15 14. Qe2 f5 $2 {[%mdl 8192]} (14... Bg4 $15 {stays ahead.}) 15. exf5 $1 $18 Bxf5 16. Nd2 $2 (16. Nh4 $1 $18 {[%cal Rh4f5]} Rc8 17. Nxf5 Rxf5 18. Bh3) 16... Qc7 $11 17. Ne4 Be7 18. a3 Rae8 19. Bd2 Kh8 20. Rab1 Nd8 21. b4 Ne6 ({Black should try} 21... h6 $11) 22. bxc5 Nxc5 23. Bb4 Nxe4 24. Bxe4 Bxb4 25. axb4 Qd7 26. b5 (26. Rbc1 $14) 26... Bh3 (26... Bxe4 $11 27. Qxe4 Qh3) 27. Bg2 (27. Bc6 $16 Qf5 28. Bxe8 Bxf1 29. Rxf1 Rxe8 30. Ra1) 27... Bg4 28. Qe4 Bxh5 29. Ra1 Bg6 30. Qe2 $1 Re7 31. Bc6 Qd6 32. Ra2 Rfe8 $2 {[%mdl 8192]} (32... a5 $15) 33. Rfa1 $2 (33. Bxe8 $18 {is the precise move to win.} Bxe8 34. Rfa1) 33... Rf8 (33... a5 $16 {might work better.}) 34. Rxa7 $18 Rxa7 35. Rxa7 Qf6 36. Ra8 $1 Rxa8 37. Bxa8 Qd8 $2 (37... h5 38. Bd5 Kh7) 38. Be4 Qf6 (38... Qd6 $142 39. Bxg6 hxg6) 39. Bxg6 hxg6 {KQ-KQ} 40. f3 $2 (40. Qe4 $18 {has better winning chances. Hoping for Qh4+.} Qd6 41. Qc6) 40... Qf5 $2 {[%mdl 8192] [#]} (40... Qg5 $16 {is a better defense.}) 41. Qe4 $1 {[%cal Re4f5] aiming for Qxf5.} Kg8 $2 (41... Qf8 42. Kg2 (42. Qxe5 Qxf3 43. Qxd4 Qxg3+ 44. Kf1 g5 $11) 42... Qd6) 42. Qf4 $4 {[%mdl 8192]} (42. Qxf5 $18 gxf5 {[#]} 43. c5 $1 {[%mdl 512]} bxc5 44. b6) 42... exf4 {Black mates.} 43. gxf4 Qxf4 44. Kg2 Qe3 {Both players deserved the win here. Accuracy: White = 46%, Black = 29%.} 0-1

[Event "Stay Safe Play From Home 304"]
[Site "Emanuel Lasker Arena"]
[Date "2020.07.15"]
[Round "8"]
[White "Lamborghini"]
[Black "Bardellosport"]
[Result "0-1"]
[WhiteElo "2101"]
[BlackElo "2023"]
[Annotator "TA"]
[PlyCount "70"]
[EventDate "2020.07.15"]
[EventType "swiss (blitz)"]

{[%evp 9,70,70,70,76,77,62,84,71,83,0,26,35,50,-61,-58,-66,-61,-66,-72,-59,-55,-80,-84,-89,-45,-53,-56,-51,-41,-48,0,-125,24,-68,-66,-61,-57,-52,-53,-68,-48,-52,0,-173,-98,-161,-136,-133,-72,-72,-66,-545,38,43,56,-1434,-1458,-6921,-847,-29976,-5285,-29993,-29994]} 1. e4 e6 2. d4 d5 3. Nc3 c6 4. Nf3 f5 5. exf5 exf5 6. Bd3 {B15: Caro-Kann: 3 Nc3: 3...g6 and 3...dxe4 4 Nxe4 Nf6 5 Nxf6+ exf6.} Nf6 7. O-O {[#]} Ne4 $146 ({Predecessor:} 7... Bd6 8. Ne2 O-O 9. Bf4 Qc7 10. Qc1 Ne4 11. c4 Be6 12. c5 Bxf4 13. Nxf4 Bf7 {½-½ (44) Agrest,I (2280)-Reimanis,R (2335) chess.com INT 2018}) 8. Ne2 {White is better.} (8. Re1 {is more complex.} Be7 9. Ne2 O-O 10. c4 Bb4 11. Rf1) 8... Bd6 9. Ne5 (9. c4 $16) 9... Bxe5 10. dxe5 O-O 11. f3 (11. Nf4 $14) 11... Qb6+ $15 12. Kh1 Nf2+ 13. Rxf2 $1 Qxf2 14. Bf4 Qc5 (14... Qb6 {keeps more tension.} 15. Rb1 g6 16. Qd2 Re8 17. Be3 c5) 15. c3 Qe7 16. Qd2 Be6 17. Nd4 Nd7 18. Re1 Rac8 19. Bg5 Qe8 20. f4 (20. Qc2 $11 {remains equal.}) 20... c5 (20... Nc5 $17 21. Bh4 Ne4) 21. Nf3 (21. Nb5 $11) 21... h6 22. Bh4 Rf7 23. Bf2 Nf8 24. h3 Bd7 25. Bc2 Ne6 (25... b6 $15) 26. Qxd5 $2 (26. Nh4 $11 {and White stays safe.}) 26... Bc6 ({Better is} 26... Nxf4 $19 27. Qd2 g5) 27. Qd3 (27. Qd1 $17 {was necessary.}) 27... Rd8 $36 {[%mdl 2048] Black is on the roll.} 28. Qe3 {[#]} g5 $1 {[%mdl 512]} 29. fxg5 $17 hxg5 30. Nxg5 $2 {[%mdl 8192]} ({White should play} 30. Bb3 $15 f4 31. Qe2) 30... Nxg5 $2 (30... f4 $19 31. Qe2 Nxg5) 31. Qxg5+ $14 {[%mdl 64] Double Attack} Rg7 32. Qxg7+ $4 {[%mdl 8192]} ({Of course not} 32. Qxf5 Bxg2+ 33. Kh2 Qc6 $11) (32. Bb3+ $14 Bd5 33. Bxd5+ Rxd5 34. Qxf5) 32... Kxg7 $19 33. e6 Kg6 {Hoping for ...Rd2.} 34. Bxc5 Rd2 35. Re2 Rxe2 {Accuracy: White = 40%, Black = 56%.} 0-1

[Event "Stay Safe Play From Home 304"]
[Site "Emanuel Lasker Arena"]
[Date "2020.07.15"]
[Round "8"]
[White "TheCHESSHOUSE"]
[Black "Broken sword"]
[Result "0-1"]
[WhiteElo "2049"]
[BlackElo "2437"]
[Annotator "TA"]
[PlyCount "90"]
[EventDate "2020.07.15"]
[EventType "swiss (blitz)"]

{[%evp 14,90,8,14,23,16,9,0,6,0,3,0,3,6,0,-2,7,8,16,0,27,0,-2,-6,-3,-5,-7,-12,-13,-8,0,-6,0,0,0,0,0,0,28,21,49,-35,-30,-51,-51,-51,-44,-68,-51,-50,-28,-113,-109,-211,-200,-261,-253,-261,-261,-261,-260,-253,-227,-258,-258,-257,-245,-929,-925,-887,-827,-804,-796,-1462,-1325,-12844,-12843,-12844,-12843]} 1. d4 d5 2. c4 c6 3. cxd5 cxd5 4. Nc3 Nf6 5. Bf4 Nc6 6. Rc1 Bf5 7. Nf3 e6 8. e3 Bd6 {D14: Slav Defence: Exchange variation with ...Bf5.} 9. Bxd6 Qxd6 10. Be2 O-O {The position is equal.} 11. O-O {[#]} Bg4 $146 ({Predecessor:} 11... Rfc8 12. a3 Nd7 13. Na4 h6 14. b4 a5 15. b5 Ne7 16. Qb3 Rxc1 17. Rxc1 Rc8 18. Rxc8+ Nxc8 {0-1 (99) Gomez,J (2463)-Pourramezanali,A (2534) Ashkhabad 2017}) 12. h3 Bxf3 13. Bxf3 Rfc8 14. Na4 Nd7 15. a3 Na5 16. Be2 a6 17. Qd2 Nc4 18. Bxc4 dxc4 19. Rfd1 b5 20. Nc3 Nb6 21. e4 Rd8 22. Qe3 Rac8 23. Rd2 Rd7 24. Rcd1 Rcd8 25. f4 g6 26. Kh1 Qc7 27. f5 (27. d5 $14) 27... exf5 $15 28. exf5 Nd5 29. Nxd5 Rxd5 30. fxg6 hxg6 31. Rf2 Qd6 {[%cal Rd5d4]} 32. Qf3 (32. Rf4 $1 $11 {was the only way to keep the balance.}) 32... Rd7 $17 33. Re1 (33. Rfd2 $17) 33... Kg7 34. Re4 Rxd4 35. Rxd4 Qxd4 $19 {[%mdl 4096] Endgame KQR-KQR} 36. Kh2 Qe5+ 37. g3 Re7 38. h4 Rd7 39. Kg2 Qd5 40. Kh2 $2 (40. Rc2) 40... Qxf3 {[%mdl 64] [#] Overworked Piece. Black is clearly winning.} 41. Rxf3 Rd2+ {[%mdl 64] Double Attack} 42. Kh3 Rxb2 43. Kg4 Rb3 44. h5 Rxf3 45. Kxf3 gxh5 {Accuracy: White = 57%, Black = 86%.} 0-1

[Event "Stay Safe Play From Home 304"]
[Site "Emanuel Lasker Arena"]
[Date "2020.07.15"]
[Round "8"]
[White "Tartak"]
[Black "Buzaglo"]
[Result "0-1"]
[WhiteElo "1553"]
[BlackElo "1863"]
[Annotator "NA RC"]
[PlyCount "72"]
[EventDate "2020.07.15"]
[EventType "swiss (blitz)"]

1. d4 {[%emt 0:00:02]} e6 {[%emt 0:00:00]} 2. Nf3 {[%emt 0:00:01]} d5 {[%emt 0:00:00]} 3. e3 {[%emt 0:00:01]} Nf6 {[%emt 0:00:00]} 4. Bd3 {[%emt 0:00:01]} Bb4+ {[%emt 0:00:00]} 5. c3 {[%emt 0:00:01]} Be7 {[%emt 0:00:00]} 6. b3 {[%emt 0:00:00]} O-O {[%emt 0:00:00]} 7. Bb2 {[%emt 0:00:00]} c5 {[%emt 0:00:00]} 8. Nbd2 {[%emt 0:00:00]} Nc6 {[%emt 0:00:01]} 9. O-O {[%emt 0:00:01]} cxd4 {[%emt 0:00:01]} 10. exd4 {[%emt 0:00:01]} Bd6 {[%emt 0:00:00]} 11. a3 {[%emt 0:00:01]} Re8 {[%emt 0:00:00]} 12. Ne5 {[%emt 0:00:01]} Bxe5 {[%emt 0:00:02]} 13. dxe5 {[%emt 0:00:00]} Nxe5 {[%emt 0:00:00]} 14. Bc2 {[%emt 0:00:01]} Nc6 {[%emt 0:00:01]} 15. f4 {[%emt 0:00:02]} e5 {[%emt 0:00:01]} 16. fxe5 {[%emt 0:00:02]} Nxe5 {[%emt 0:00:00]} 17. Nf3 {[%emt 0:00:01]} Nxf3+ {[%emt 0:00:02]} 18. Qxf3 {[%emt 0:00:01]} Bg4 {[%emt 0:00:01]} 19. Qg3 {[%emt 0:00:03]} Be6 {[%emt 0:00:05]} 20. Rad1 {[%emt 0:00:02]} Nh5 {[%emt 0:00:10]} 21. Qf2 {[%emt 0:00:04]} f6 {[%emt 0:00:03]} 22. c4 {[%emt 0:00:01]} Qb6 {[%emt 0:00:03]} 23. c5 {[%emt 0:00:01]} Qc6 {[%emt 0:00:01]} 24. Qd4 {[%emt 0:00:07]} Rad8 {[%emt 0:00:03]} 25. Qh4 {[%emt 0:00:01]} g6 {[%emt 0:00:05]} 26. Bxf6 {[%emt 0:00:03]} Rd7 {[%emt 0:00:05]} 27. Be5 {[%emt 0:00:03]} Rf7 {[%emt 0:00:03]} 28. Rxf7 {[%emt 0:00:03]} Bxf7 {[%emt 0:00:00]} 29. Qd4 {[%emt 0:00:02]} Qe6 {[%emt 0:00:02]} 30. Rf1 {[%emt 0:00:02]} Qxe5 {[%emt 0:00:02]} 31. Qb4 {[%emt 0:00:01]} Qe3+ {[%emt 0:00:02]} 32. Kh1 {[%emt 0:00:01]} Qe7 {[%emt 0:00:01]} 33. Qd4 {[%emt 0:00:01]} Nf6 {[%emt 0:00:00]} 34. Qxd5 {[%emt 0:00:01]} Bxd5 {[%emt 0:00:01]} 35. c6 {[%emt 0:00:00]} Qe1 {[%emt 0:00:01]} 36. cxb7 {[%emt 0:00:00]} Qxf1# {[%emt 0:00:01] (Lag: Av=1.05s, max=4.3s)} 0-1